00668cam a2200181 a 450000100100000000500170001000800410002704000250006808200190009310000350011224500410014726000800018830000280026865000250029665000280032195201220034999900150047100000396920200929150639.0790531s1948 xxua 000 1 eng  aDO-SdBNPbspacBNPHU a823.914bS642i1 aSmith, Dodied1896-199091191410aI capture the castle /cDodie Smith. aBoston :bAn Atlantic Monthly Press Book; Little, Brown and company,c1948. a338 p. :bil. ;c20 cm. 4aNovela inglesa91071 4aLiteratura inglesa9498 001052708MOaGRbGRcCTd2009-07-15iLF1l0o823.914 S642ip3969-10r2020-06-25w2020-06-25y2ZPréstamo interno c3788d3788